VfL Wolfsburg 22/23 squad - Statistics

General Stats
  • This quiz has been taken 58 times
    12 since last reset
  • The average score is 15 of 26
Answer Stats
# Player % Correct
27 Maximilian Arnold
100%
5 Micky van de Ven
100%
16 Jakub Kaminski
89%
23 Jonas Wind
89%
1 Koen Casteels
89%
4 Maxence Lacroix
89%
22 Felix Nmecha
78%
10 Lukas Nmecha
78%
Coach Niko Kovač
78%
39 Patrick Wimmer
78%
2 Kilian Fischer
67%
3 Sebastiaan Bornauw
67%
31 Yannik Gerhardt
67%
7 Luca Waldschmidt
56%
32 Mattias Svanberg
56%
20 Ridle Baku
56%
29 Joshua Guilavogui
44%
40 Kevin Paredes
44%
12 Pavao Pervan
44%
33 Omar Marmoush
33%
6 Paulo Otávio
33%
38 Bartol Franjić
22%
18 Dženan Pejčinović
22%
8 Nicolas Cozza
22%
30 Niklas Klinger
22%
35 Philipp Schulze
22%
No matching quizzes found
Score Distribution
Percent of People with Each Score
Percentile by Number Answered
Your Score History
You have not taken this quiz since the last reset